00401nam a2200145Ia 450000500170000000800460001703700130006304000200007604100130009608400200010910000130012924500530014226000510019530000090024620250317123513.0008 250317s9999 xx 000 0 eng d aTextbook aFMSLbengcFMSL aeng2eng aX:89ZB L3qFMSL aKirk F G 0aTotal system development for information systems aNew DelhibNew Delhi, Wiley Intersciencec1973 a284p